2000's World Series MVP's - Statistics

General Stats
  • This quiz has been taken 4 times
  • The average score is 14 of 26
Answer Stats
Hint Answer % Correct
2011 Cardinals (3B) David Freese
100%
2013 Red Sox (DH) David Ortiz
100%
2000 Yankees (SS) Derek Jeter
100%
2024 Dodgers (1B) Freddie Freeman
100%
2017 Astros (CF) George Springer
100%
2014 Giants (SP) Madison Bumgarner
100%
2015 Royals (C) Salvador Perez
100%
2023 Rangers (SS) Corey Seager
75%
2020 Dodgers (SS) Corey Seager
75%
2010 Giants (SS) Edgar Renteria
75%
2012 Giants (3B) Pablo Sandoval
75%
2001 Diamondbacks (SP) Randy Johnson
75%
2025 Dodgers (SP) Yoshinobu Yamamoto
75%
2022 Astros (SS) Jeremy Pena
50%
2019 Nationals (SP) Stephen Strasburg
50%
2009 Yankees (DH) Hideki Matsui
25%
2021 Braves (RF) Jorge Soler
25%
2003 Marlins (SP) Josh Beckett
25%
2004 Red Sox (LF) Manny Ramirez
25%
2018 Red Sox (1B) Steve Pearce
25%
2002 Angels (3B) Troy Glaus
25%
2016 Cubs (2B) Ben Zobrist
0%
2008 Phillies (SP) Cole Hammels
0%
2006 Cardinals (SS) David Eckstein
0%
2005 White Sox (RF) Jermaine Dye
0%
2007 Red Sox (3B) Mike Lowell
0%
No matching quizzes found
Score Distribution
Percent of People with Each Score
Percentile by Number Answered
Your Score History
You have not taken this quiz